Heritage counts 2017 (Record no. 116147)

MARC details
000 -LEADER
fixed length control field 01201cai a22002295a 4500
001 - CONTROL NUMBER
control field L159914
008 - FIXED-LENGTH DATA ELEMENTS--GENERAL INFORMATION
fixed length control field 080811u2017 xxk g 000 0 eng d
035 ## - SYSTEM CONTROL NUMBER
System control number (Sirsi) u159914
041 0# - LANGUAGE CODE
Language code of text/sound track or separate title eng
050 04 - LIBRARY OF CONGRESS CALL NUMBER
Classification number 690.241 $2 18
110 2# - MAIN ENTRY--CORPORATE NAME
Corporate name or jurisdiction name as entry element English Heritage
9 (RLIN) 2714
245 00 - TITLE STATEMENT
Title Heritage counts 2017
Remainder of title 50 years of conservation areas
Medium [electronic resource]
260 ## - PUBLICATION, DISTRIBUTION, ETC.
Place of publication, distribution, etc. [S.l.]
Name of publisher, distributor, etc. English Heritage
Date of publication, distribution, etc. 2017
505 2# - FORMATTED CONTENTS NOTE
Formatted contents note 50 years of conservation areas -- Case studies -- Heritage and economy -- Heritage and society -- Heritage indicators -- Regional reports
520 ## - SUMMARY, ETC.
Summary, etc. Focuses on 50 years of conservation areas. Conservation areas exist to preserve the special architectural and historic interest of a place - in other words, the features that make it unique. Every local authority in England has at least one conservation area and there are now over 10,000 in England.
590 ## - LOCAL NOTE (RLIN)
Local note KA
650 24 - SUBJECT ADDED ENTRY--TOPICAL TERM
Topical term or geographic name entry element HISTORIC ENVIRONMENT
651 #4 - SUBJECT ADDED ENTRY--GEOGRAPHIC NAME
Geographic name England
Chronological subdivision 886-
690 ## - LOCAL SUBJECT ADDED ENTRY--TOPICAL TERM (OCLC, RLIN)
Topical term or geographic name as entry element BUILT ENVIRONMENT-BUILDING TYPES-ANCIENT MONUMENTS AND HISTORIC BUILDINGS
856 40 - ELECTRONIC LOCATION AND ACCESS
Uniform Resource Identifier <a href="https://historicengland.org.uk/research/heritage-counts/2017-conservation-areas/">https://historicengland.org.uk/research/heritage-counts/2017-conservation-areas/</a>
Public note View the website at historicengland.org.uk....
942 ## - ADDED ENTRY ELEMENTS (KOHA)
Suppress in OPAC 0
Holdings
Withdrawn status Lost status Source of classification or shelving scheme Damaged status Not for loan Home library Current library Shelving location Date acquired Total Checkouts Full call number Barcode Date last seen Copy number Price effective from Koha item type
    Dewey Decimal Classification     Virtual Virtual Online 23/03/2018   ONLINE PUBLICATION 159914-2001 06/08/2019 1 06/08/2019 Book